000 00736nam a2200253Ia 4500
005 20250425161914.0
008 250425s9999 xx 000 0 und d
020 _a1567931138
041 _aeng
082 _a658.9161
100 _aGAPENSKI, LOUIS C.
245 0 _aCASES IN HEALTHCARE FINANCE
250 _a1ST ED.
260 _aEstados Unidos
_bFUNDATION OF THE AMERICAN COLLEGE OF HEALTHCARE EXECUTIVES
_c1999
260 _aWASHINGTON
300 _a200
500 _aINCLUDING DISKETTEWITH STUDENT CASE MODELS
650 _aADMINISTRACION DE LA SALUD
650 _aFINANZAS
650 _aPROBLEMAS SOCIALES
710 _aFUNDATION OF THE AMERICAN COLLEGE OF HEALTHCARE EXECUTIVES
942 _c01
010 _a34422
999 _c218538
_d218538